000 00802cam a2200241 a 4500
001 000025215
005 20200930023633.0
008 700702s2006 dr a 000 f spa d
020 _a994540640X
040 _aDO-SdBNP
_bspa
_dBNPHU
082 _a823.5
_bD314r, 2006
100 1 _aDefoe, Daniel,
_d1661?-1731
_940733
245 1 3 _aRobinson Crusoe /
_cDaniel Defoe ; ilustración Diana Roche.
260 _aSanto Domingo :
_bTobogán,
_bPanapo,
_c2006.
300 _a84 p. :
_bil. ;
_c23 cm.
490 1 _aClásicos universales Tobogán
650 4 _aNovela juvenil inglesa
_929538
650 4 _aNaufragios
_xNovela
_951689
650 4 _aLiteratura inglesa
_9498
700 1 _aRoche, Diana,
_eil.
_951690
830 0 _aClásicos universales Tobogán
_951691
910 _aValidado. Control de calidad EMS
999 _c24708
_d24708